00734nam a22001937a 4500003000500000005001700005020001800022082001200040100002700052245007100079250001600150260002500166300001400191505014800205650001400353942001200367999001900379952014200398NUST20221103130325.0 a9789332586871 a520,CHA aChaisson, Eric9102314 aAstronomy :ba beginner's guide to the universe /cEric Chaisson,  a7th edition aPearsonbIndiac2017 axv, 502 p aPart.1 Foundation (Page-xviii), Part.2 Our planetary system (Page-98), Part.3 The stars (Page-242), Part.4 Galaxies and the universe (Page-376) aAstronomy 2ddccBK c592249d592249 00102ddc4070aMCSbMCScGENd2022-11-03l1o520,CHApMCS38277r2023-03-24s2022-12-12w2022-11-03yBKzAlmirah Fresh No.44, Shelf No.6